000 00757nam a2200241 i 4500
003 DO-SdBNP
005 20230825135604.0
007 ta
008 110413s199- dr 000 p spa d
040 _aDO-SdBNP
_bspa
_cBNPHU
_erda
082 _a370.11
_bR173e
_222
100 _aRamírez Abreu, Víctor Manuel
_921822
245 1 0 _a¨Epigramas¨ ó ¨Voces Folkloricas¨ /
_cVíctor Ml. Ramírez A.
264 1 _a[Santo Domingo] :
_bUTESA,
_c[199-].
300 _a127 páginas
_c21 cm.
336 _2rdacontent
_atexto
_btxt
337 _2rdamedia
_asin mediación
_bn
338 _2rdacarrier
_avolumen
_bnc
590 _aInventariado, 2023/ YL
710 _aUniversidad Tecnológica de Santiago (UTESA)
_917473
910 _aYLockward
942 _2ddc
_cLBS1
999 _c54541
_d54541